Biblioteca y Centro de Documentación

Vista normal Vista MARC

Entrada Nombre corporativo

Número de registros utilizados en: 3

001 - NÚMERO DE CONTROL

  • Campo de control: 3298

003 - IDENTIFICADOR DE NÚMERO DE CONTROL

  • Campo de control: ES-MaCES

005 - FECHA Y HORA DE LA ULTIMA MODIFICACION

  • Campo de control: 20080626134400.0

008 - ELEMENTOS DE DATOS DE LONGITUD FIJA

  • Campo de longitud fija: 080626 | azznnaabn || ana d

035 ## - NÚMERO DE CONTROL DEL SISTEMA

  • Número de control del sistema: CES20080000897e

040 ## - FUENTE DE LA CATALOGACIÓN

  • Agencia original de catalogación: ES-MaCES
  • Idioma de catalogación: spa
  • Agencia de transcripción: ES-MaCES

110 1# - ENCABEZAMIENTO--NOMBRE CORPORATIVO

  • Nombre corporativo o de jurisdicción como elemento de entrada: España
  • Unidad subordinada: Oficina Económica del Presidente del Gobierno

410 1# - TRAZADO VEÁSE--NOMBRE CORPORATIVO

  • Nombre corporativo o de jurisdicción como elemento de entrada: España
  • Unidad subordinada: Presidencia del Gobierno
  • Unidad subordinada: Oficina Económica del Presidente del Gobierno

670 ## - FUENTE DE DATOS ENCONTRADOS

  • Fuente de citación: CD del CES
  • Información encontrada: : PENDIENTE, la BN no la tiene normalizada, sólo España. Gobierno de la Presidencia

901 ## - CES. DATOS SIRTEX

  • ID Sirtex (N5N8): 0001800007082
  • 005BIS Sirtex: 200806261343ALORITE
© CES, Consejo Económico y Social de España 2021